Whole-life guidance (Record no. 75820)

MARC details
000 -LEADER
fixed length control field 00806cab a2200193 4500
001 - CONTROL NUMBER
control field L130830
008 - FIXED-LENGTH DATA ELEMENTS--GENERAL INFORMATION
fixed length control field 050902n2005 000 0 eng u
035 ## - SYSTEM CONTROL NUMBER
System control number (Sirsi) u130830
041 0# - LANGUAGE CODE
Language code of text/sound track or separate title eng
100 1# - MAIN ENTRY--PERSONAL NAME
Personal name Bourke, Kathy
245 00 - TITLE STATEMENT
Title Whole-life guidance
260 ## - PUBLICATION, DISTRIBUTION, ETC.
Date of publication, distribution, etc. 2005
490 #0 - SERIES STATEMENT
Series statement QS News
Volume/sequential designation 26 August 2005, 15(1)
520 ## - SUMMARY, ETC.
Summary, etc. Explains the concept of how to calculate the costs of building that are likely to occur in its lifetime and how to put whole-life costing into practice as part of the whole life value concept. Looks at the key principles, the barriers to achieving whole life value and how to overcome the problems involved.
590 ## - LOCAL NOTE (RLIN)
Local note IKA130905
690 ## - LOCAL SUBJECT ADDED ENTRY--TOPICAL TERM (OCLC, RLIN)
Topical term or geographic name as entry element MANAGEMENT-BUSINESS MANAGEMENT-COST MANAGEMENT-COST ANALYSIS-WHOLE LIFE COSTING
700 1# - ADDED ENTRY--PERSONAL NAME
Personal name Green, Andy
942 ## - ADDED ENTRY ELEMENTS (KOHA)
Suppress in OPAC 0
Holdings
Withdrawn status Lost status Source of classification or shelving scheme Damaged status Not for loan Home library Current library Shelving location Date acquired Total Checkouts Full call number Barcode Date last seen Copy number Price effective from Koha item type
    Dewey Decimal Classification     London London Journal article 02/09/2005   L130830 130830-1001 06/08/2019 1 06/08/2019 Journal article